00377nam a2200157Ia 4500008004100000020001500041041000800056082001500064100004200079245002300121250000600144260001900150300001500169650001200184700002300196210716s1978 xx 000 0 und d a0870941542 aeng a334.2 BAUW aBaughn, William H; Walker, Charles E. aBanker's handbook. a1 aHomewoodc1978 axxxiv,1205 aBanking aBaughn, William H.